00323nam a2200121Ia 4500008004100000041000800041082001400049100001700063245003000080250001500110260004400125300003200169240624s9999 xx 000 0 und d aeng a658.3 DES aDESSLER GARY aHUMAN RESOURCE MANAGEMENT a(15th ed.) c2003aNew DelhibPrentice-Hall of India axxxi, , 558 , 26 : p. : cm.